France or US Capital? Quiz Stats

 Plays Quiz Updated Jul 27, 2017

Support Sporcle.
Go Orange.
Score 0/20 Timer 02:00
11 Plays Today
Capital F or U % Correct
Paris???
96.2%
Little Rock ???
95.7%
Bordeaux???
95.5%
Lille???
95.4%
Richmond???
95.3%
Lyon???
95.3%
Rennes???
94.9%
Nantes???
94.8%
Montgomery???
94.3%
Toulouse???
94.2%
Capital F or U % Correct
Rouen???
93.3%
Strasbourg???
92%
Baton Rouge???
91.1%
Des Moines???
88.6%
Cheyenne???
88.5%
Saint Paul???
88.1%
Boise???
88%
Juneau???
86.8%
Ajaccio???
86.7%
Pierre???
80.8%

You're not logged in!

Compare scores with friends on all Sporcle quizzes.
OR
Log In
Forgot?

From the Vault

Trump Presidential Firsts

by zigga

First President to tweet about a Sporcle quiz?
Remove Ads.
Support Sporcle.
Get the best of Sporcle when you Go Orange. This ad-free experience offers more features, more stats, and more fun while also helping to support Sporcle. Thank you for becoming a member.

Show Comments

Extras

Top Quizzes Today


Score Distribution

Your Account Isn't Verified!

In order to create a playlist on Sporcle, you need to verify the email address you used during registration. Go to your Sporcle Settings to finish the process.

Report this User

Report this user for behavior that violates our Community Guidelines.

Details: